| 000 | 00807nam a22002177a 4500 | ||
|---|---|---|---|
| 999 |
_c17133 _d17133 |
||
| 003 | AR-CdUCM | ||
| 008 | 190507b ||||| |||| 00| 0 spa d | ||
| 020 | _a84-271-0269-0 | ||
| 040 |
_aMUNICIPALIDAD PROVINCIAL DEL CUSCO _cBIBLIOTECA MUNICIPAL DEL CUSCO |
||
| 082 |
_29ed. _a158 / _bIR68 |
||
| 100 |
_aIrala, P. Narciso _936991 |
||
| 245 | _aEficiencia sin fatiga en el trabajo mental / | ||
| 260 |
_aBilbao : _bMensajero, _c1975. |
||
| 300 |
_a241 páginas ; _c19 cm. |
||
| 505 | _aContenido: Vida intelectual -- Atención concentrada -- Atención disipada -- Atención obsesionada -- Atención creadora -- Retención -- Vida afectiva ... | ||
| 650 |
_aAutorrealización _924047 |
||
| 650 |
_aPsicología _91538 |
||
| 650 |
_aFatiga mental _936992 |
||
| 942 |
_2ddc _cLIBROS |
||
| 945 |
_aachl _d2019-05-07 |
||